Urban development and housing in India, 1947 to 2007 (Record no. 407372)

000 -LEADER
fixed length control field 00488cam a22001577a 4500
008 - FIXED-LENGTH DATA ELEMENTS--GENERAL INFORMATION
fixed length control field 180718b2007 xxu||||| |||| 00| 0 eng d
082 ## - DEWEY DECIMAL CLASSIFICATION NUMBER
Classification number J7x54 D969
245 ## - TITLE STATEMENT
Title Urban development and housing in India, 1947 to 2007
Statement of responsibility, etc. edited by Rishi Muni Dwivedi
260 ## - PUBLICATION, DISTRIBUTION, ETC.
Place of publication, distribution, etc. New Delhi
Name of publisher, distributor, etc. New Century
Date of publication, distribution, etc. 2007
300 ## - PHYSICAL DESCRIPTION
Extent 457p.
650 ## - SUBJECT ADDED ENTRY--TOPICAL TERM
Topical term or geographic name entry element Housing policy - India
650 ## - SUBJECT ADDED ENTRY--TOPICAL TERM
Topical term or geographic name entry element Urban development - India
650 ## - SUBJECT ADDED ENTRY--TOPICAL TERM
Topical term or geographic name entry element Housing - India
650 ## - SUBJECT ADDED ENTRY--TOPICAL TERM
Topical term or geographic name entry element Urbanization - india
700 ## - ADDED ENTRY--PERSONAL NAME
Personal name Dwivedi, Rishi Muni
Holdings
Withdrawn status Lost status Damaged status Not for loan Permanent Location Current Location Date acquired Full call number Barcode Date last seen Price effective from Koha item type
        Indian Institute of Public Administration Indian Institute of Public Administration 2008-03-28 J7x54 D969 DA6341 2018-07-21 2018-07-21 DA

Powered by Koha